• 首页
  • 本馆介绍
  • 公告通知
  • 最新文献
  • 馆藏检索
  • 电子资源
  • 读者导购
  • 参考咨询
  • 我的图书馆
  • 登录
  • 详细信息显示
  • 放入我的书架
  • 预约/预借图书
  • 作者相关作品
  • 分类相关作品
  • 丛书相关作品
  • 出版社相关作品

书目信息

  • 表格格式
  • 工作单格式
  • 卡片格式
题名:
斯大林文选
    
 
作者: ;中共中央马恩列斯著作编译局 编译
分册: 上  
出版信息: 北京   人民出版社  1962
页数: 328页
开本: 21cm
丛书名:
单 册:
中图分类: A3
科图分类:
主题词: 斯大林著作
电子资源:
ISBN:
000 00654nam0 2200193 450
001 0641329249
005 20070708172917.26
010    @dCNY1.30(全二册)
100    @a20060726d1962 km y0chiy0120 ea
101 0  @achi
102    @aCN@b110000
200 1  @a斯大林文选@h上@h1934-1952@Asi da lin wen xuan@f中共中央马恩列斯著作编译局编译@Fzhong gong zhong yang ma en lie si zhu zuo bian yi ju bian yi
210    @a北京@c人民出版社@d1962
215    @a328页@d21cm
606 0  @a斯大林著作
690    @aA3@v3
711  0 @a中共中央马恩列斯著作编译局@Azhong gong zhong yang ma en lie si zhu zuo bian yi ju@4编译
801  0 @aCN@bPFT@c20070708
905    @a10447@dA3@e11:1
    
    斯大林文选.上.1934-1952/中共中央马恩列斯著作编译局编译.-北京:人民出版社,1962
    328页;21cm
    
    
    ISBN :CNY1.30(全二册)
    
●
相关链接 在E读中查询图书 在五车中查询图书 在当当中查询图书 在豆瓣中查询图书


正题名:斯大林文选     索取号:A3/11:1         预约/预借

序号 登录号 条形码 馆藏地/架位号 状态 备注
1 0459267   204592672   密集书库/ [索取号:A3/11:1] 在馆    
2 0474217   204742172   密集书库/ [索取号:A3/11:1] 在馆    
3 0765726   207657267   密集书库/ [索取号:A3/11:1] 在馆    
唐山师范学院图书馆 欢迎您!
大连网信软件有限公司© 版权所有